000
00305nam a22001337a 4500
008
180312b xxu||||| |||| 00| 0 eng d
020
_a
9780138412975
041
_a
eng
080
_a
616
100
_a
3
101
_a
SHM
245
_a
HEALING WITH PRESSURE POINT THERAPY
_c
STEVE.SH
942
_2
udc
_c
BK
999
_c
44768
_d
44768